000
00318nam a2200157Ia 4500
003
OSt
005
20231116072130.0
008
170524s9999 xx 000 0 und d
020
_a
0-7513-0439-5
040
_c
IIMT
100
_a
Owen
245
0
_a
Classic Asian
260
_b
D K
260
_c
2004
942
_2
ddc
_c
02
999
_c
7164
_d
7164